|
|
|
|
| LEADER |
00000nam a2200000 i 4500 |
| 001 |
MUNDIPRENSA_17488 |
| 003 |
CO-BoDC |
| 005 |
20230608160349.0 |
| 006 |
m o d |
| 007 |
cr cnu---unuuu |
| 008 |
s2013 sp a fo 001 0 spa d |
| 020 |
|
|
|a 9788484766384 (papel)
|
| 024 |
7 |
|
|c 17488
|2 Identificador Ebook7-24
|
| 035 |
|
|
|a (Co-BoDC)17488
|
| 040 |
|
|
|a Co-BoDC
|b spa
|e rda
|
| 082 |
0 |
4 |
|a 595.7
|b J826
|2 22
|
| 100 |
1 |
|
|a Jordán Montés, Fernando
|e autor
|
| 245 |
1 |
3 |
|a El universo de los insectos /
|c Fernando Jordán Montés
|
| 264 |
|
1 |
|a Madrid
|b Ediciones Mundi-Prensa
|c 2013
|
| 300 |
|
|
|a 1 recurso en línea (223 páginas):
|b ilustraciones
|
| 336 |
|
|
|a texto
|b txt
|2 rdacontent/spa
|
| 337 |
|
|
|a computador
|b c
|2 rdamedia/spa
|
| 338 |
|
|
|a recurso en linea
|b cr
|2 rdacarrier/spa
|
| 347 |
|
|
|a texto
|b PDF
|2 rda/spa
|
| 490 |
0 |
|
|a Agro guías
|
| 500 |
|
|
|a Contiene Índice, Bibliografía
|
| 504 |
|
|
|a Incluye referencias bibliográficas
|
| 505 |
0 |
|
|t Los insectos en el mundo --
|t La organización corporal --
|t Una coraza protectora --
|t La percepción del mundo --
|t Los sistemas de comunicación --
|t El crecimiento y la metamorfosis --
|t La reproducción --
|t Los sistemas de defensa
|
| 506 |
|
|
|a Acceso en línea, autorizado para usuarios eBooks 7-24
|
| 520 |
1 |
|
|a Aún recuerdo con estupor, y de ello hace ya bastantes años, cómo cuando cursaba el primer año de enseñanza universitaria un saltamontes entró por la ventana del aula, y un buen número de alumnos y alumnas profirieron gritos y huyeron en estampida. En esos instantes no pude sino preguntarme si quizás me habría equivocado de sala, y por error estaba en una clase correspondiente a una carrera distinta; pero no... era el aula de los futuros biólogos.
|
| 588 |
0 |
|
|a Versión impresa
|
| 650 |
1 |
4 |
|a Insectos
|
| 650 |
1 |
4 |
|a Percepción
|
| 650 |
1 |
4 |
|a Crecimiento y desarrollo
|
| 650 |
1 |
4 |
|a Reproducción
|
| 650 |
1 |
4 |
|a Artrópodos
|
| 856 |
4 |
0 |
|u https://ebooks724.uam.elogim.com:443/?il=17488
|z Texto completo
|